<?xml version="1.0" encoding="UTF-8"?>
<record
    xmlns:xsi="http://www.w3.org/2001/XMLSchema-instance"
    xsi:schemaLocation="http://www.loc.gov/MARC21/slim http://www.loc.gov/standards/marcxml/schema/MARC21slim.xsd"
    xmlns="http://www.loc.gov/MARC21/slim">

  <leader>02196nam a22001457a 4500</leader>
  <datafield tag="999" ind1=" " ind2=" ">
    <subfield code="c">533628</subfield>
    <subfield code="d">533628</subfield>
  </datafield>
  <controlfield tag="008">260608b           ||||| |||| 00| 0 eng d</controlfield>
  <datafield tag="100" ind1=" " ind2=" ">
    <subfield code="a">Gupta, Akansha and Gupta, Sonal </subfield>
    <subfield code="9">61093</subfield>
  </datafield>
  <datafield tag="245" ind1=" " ind2=" ">
    <subfield code="a">Manager&#x2019;s impasse of inspiring employees at virtual workplaces</subfield>
  </datafield>
  <datafield tag="260" ind1=" " ind2=" ">
    <subfield code="a">Bharat Journal of Case Studies  </subfield>
  </datafield>
  <datafield tag="300" ind1=" " ind2=" ">
    <subfield code="a">1(2), Dec, 2025: p.204-218</subfield>
  </datafield>
  <datafield tag="520" ind1=" " ind2=" ">
    <subfield code="a">Masycoda Solutions, an emerging IT firm headquartered in Nagpur, India, has built a global presence with clientele across North America, Europe, and Asia. With its foundation rooted in developing advanced, customised IT solutions, the company has embraced virtual work environments to maintain a competitive edge and operational efficiency. However, the shift to fully virtual operations presented a complex challenge for Aditya Lonare, the supply chain manager overseeing distributed teams. In November 2024, despite adherence to project deadlines and procedural metrics, he noticed a visible dip in his team&#x2019;s engagement and enthusiasm during virtual meetings. Team members appeared unmotivated and disengaged, affecting collaboration, creativity, and overall team morale. Aditya, aware of his team&#x2019;s capabilities, began to question deeper psychological needs, beyond task completion, that drive employee satisfaction in virtual spaces. This case presents a realistic and timely dilemma confronting many leaders: sustaining motivation, fostering connection, and managing performance when physical co-presence is no longer possible. The situation underscores how digital workspaces demand a reinvention of traditional management methods to address intrinsic and extrinsic motivators. This case sets the foundation for exploring root causes and potential interventions within virtual team structures and invites readers to apply motivation theories and leadership frameworks to a contemporary business problem.- Reproduced 

https://www.printspublications.com/journal/bharat-journal-of-case-studies
</subfield>
  </datafield>
  <datafield tag="650" ind1=" " ind2=" ">
    <subfield code="a">Virtual workplaces, Employee motivation, Remote leadership, digital engagement, Virtual team dynamics, Organisational behavior, IT  industry. </subfield>
    <subfield code="9">61094</subfield>
  </datafield>
  <datafield tag="773" ind1=" " ind2=" ">
    <subfield code="a">Bharat Journal of Case Studies  </subfield>
  </datafield>
  <datafield tag="942" ind1=" " ind2=" ">
    <subfield code="c">AR</subfield>
  </datafield>
  <datafield tag="952" ind1=" " ind2=" ">
    <subfield code="0">0</subfield>
    <subfield code="1">0</subfield>
    <subfield code="2">ddc</subfield>
    <subfield code="4">0</subfield>
    <subfield code="7">0</subfield>
    <subfield code="9">408809</subfield>
    <subfield code="a">IIPA</subfield>
    <subfield code="b">IIPA</subfield>
    <subfield code="d">2026-06-08</subfield>
    <subfield code="h">1(2), Dec, 2025: p.204-218</subfield>
    <subfield code="p">AR139105</subfield>
    <subfield code="r">2026-06-08</subfield>
    <subfield code="y">AR</subfield>
  </datafield>
</record>
